| 000 | 00605nam a22002057a 4500 | ||
|---|---|---|---|
| 005 | 20240731130550.0 | ||
| 008 | 230605b |||||||| |||| 00| 0 eng d | ||
| 020 | _a9788177588873 | ||
| 082 |
_a621.3815 _bBOG-E |
||
| 100 | _aBogart, Theodore F | ||
| 245 |
_aElectronics Devices and Circuits/ _cTheodore F. Bogart, Jeffrey S. Beasley and Guilermo Rico |
||
| 250 | _a6th ed. | ||
| 260 |
_aIndia : _b Pearsons ; _c2004 |
||
| 300 |
_axi, 877 p. : _bill; _c27.5 cm. |
||
| 500 | _aInclude Index. | ||
| 650 | _aEngineeirng | ||
| 700 | _a Beasley, Jeffrey S. | ||
| 700 | _aRico, Guilermo | ||
| 999 |
_c18588 _d18588 |
||